| 000 | 00895 a2200445 4500 | ||
|---|---|---|---|
| 000 | BKB | ||
| 001 | 133170 | ||
| 005 | 20200902152053.0 | ||
| 008 | |||
| 010 | _a | ||
| 020 | _a | ||
| 082 |
_a537 _bD26L |
||
| 100 | 1 | _aDas, Ashok | |
| 110 | _a | ||
| 245 | 1 |
_aLectures on electromagnetism _cby Ashok Das |
|
| 250 | _a | ||
| 260 |
_aNew Delhi _bHindustan Book Agency _c2004 |
||
| 300 | _a464p. | ||
| 490 |
_aText and reading in physical science; no. 4 _v |
||
| 500 | _a | ||
| 600 | _a | ||
| 610 | _a | ||
| 611 | _a | ||
| 630 | _a | ||
| 650 | _a | ||
| 651 | _a | ||
| 654 | _a | ||
| 690 | _aElectromagnetism; Physics | ||
| 700 |
_a _b _c |
||
| 710 |
_a _b _c |
||
| 711 | _a | ||
| 720 | _a | ||
| 730 | _a | ||
| 740 | _a | ||
| 752 | _a | ||
| 856 |
_a _d _f |
||
| 904 | _a | ||
| 964 |
_a _b _c _d _e _f _g |
||
| 965 | _a | ||
| 999 |
_c7490 _d7490 |
||